Súčasná imigračná politika Slovenskej republiky - právne a sociálno-ekonomické aspekty bakalárska práca

Salvato in:
Dettagli Bibliografici
Autore principale: Lackovič, Pavol
Ente Autore: Národohospodárska fakulta EU. Katedra ekonómie
Altri autori: Vongrej, Marián
Natura: Libro
Lingua:slovacco
Pubblicazione: Bratislava 2017
Tags: Aggiungi Tag
Nessun Tag, puoi essere il primo ad aggiungerne!!

MARC

LEADER 00000nbm a2200000 4500
001 0235333
005 20180306131256.0
041 0 |a slo 
044 |a SK 
245 1 0 |a Súčasná imigračná politika Slovenskej republiky - právne a sociálno-ekonomické aspekty  |b bakalárska práca  |c Pavol Lackovič ; školiteľ: Marián Vongrej 
264 1 |a Bratislava  |c 2017 
300 |a 48 s. 
100 1 |a Lackovič, Pavol 
700 1 |a Vongrej, Marián 
710 2 |a Národohospodárska fakulta EU. Katedra ekonómie